01343 2200229 4500001002100000005001500021035002000036007000300056008004100059020002200100082001400122084002000136100003800156245011700194250002100311260003400332300002900366700004700395650003900442520061500481990001701096INLIS00000000000116220260107074729 a0010-0923000147ta260107 j 1 ind  a978-602-242-359-1 a899.221 3 a899.221 3 QUR y0 aQurrota Aini Nabila ( pengarang )1 aYou and Me different :bKecil-kecil punya karya /cQurrota Aini Nabila ; penyunting, Dadan Ramadhan dan Aan Diha a-Cet.I, Mei 2014 aBandung :bDar ! Mizan,c2014 a116 :bilus. ;c21 cme-0 aDadan Ramadhan dan Aan Diha ( penyunting ) 4afiksi Indonesia - Bacaan Anak-anak aNabilah mengerlingkan mata. 1 ... 2 ... 3 ...! “You and Me DIFFERENT!” teriak kami kompak. Lho, different alias beda, kok, kompak ya? Emangnya bisa? Yup! Perbedaan tak harus membuat perpecahan, lho! Nabilah, Liza, dan Mahira telah membuktikannya. Itulah yel-yel mereka, ketika mereka ada perbedaan. Lucu, ya! Tapi, ada musibah yang menimpa Nabilah. Mahira menyangka, yel-yel “You and Me Different” tak bisa dilanjutkan lagi. Benarkah? Ternyata, mereka juga harus berpisah. Apa penyebabnya? Apakah mereka bertengkar? Penasaran dengan warna-warni persahabatan mereka? Yuk, kita intip di novel ini. a00037/K/2016